| 000 | 01055cam a2200265 a 4500 | ||
|---|---|---|---|
| 005 | 20160119025025.0 | ||
| 008 | 031211s2002 ck abd r 000 0 spa d | ||
| 015 | _aSSN | ||
| 020 | _a9588181003 | ||
| 040 |
_aNN _cNYP _dDLC _dAGL _dCO-BoPUJ _dCO-BoIAVH |
||
| 041 | 0 | _aspa | |
| 082 | 0 | 4 |
_a398.3 _bR67r |
| 245 | 0 | 0 |
_aRostros culturales de la fauna _blas relaciones entre los humanos y los animales en el contexto colombiano _cLuis Guillermo Baptiste Ballera...[et al.] |
| 260 |
_aBogotá _bInstituto Colombiano de Antropología e Historia _c2002. |
||
| 300 |
_a343 paginas. _bilustraciones, fotos, gráficas y mapas _c24 cm. |
||
| 504 | _aIncluye referencias bibliográficas. | ||
| 650 | 2 | 4 |
_aLeyendas indigenas _zColombia _952500 |
| 650 | 2 | 4 |
_aEtnozoologia _93633 |
| 650 | 2 | 4 |
_aRelaciones hombre-animal _931500 |
| 650 | 2 | 4 |
_aAnimales y civilizacion _zColombia _952501 |
| 650 | 2 | 4 |
_aFauna silvestre _zColombia _952502 |
| 700 | 1 |
_aUlloa Cubillos, Astrid _d1964- _eEd. _952503 |
|
| 700 | 1 |
_aBaptiste Ballera, Brigitte Luis Guillermo _952504 |
|
| 942 |
_2ddc _cLIBRO |
||
| 999 |
_c7033 _d7033 |
||